Navigácia mobilného robota v mape vytvorenej pomocou RGBD kamery

Na minha lista:
Detalhes bibliográficos
Autor principal: Pavelka, Vladimír (Author)
Outros Autores: Duchoň, František (Thesis advisor)
Formato: Manuscrito Livro
Idioma:eslovaco
Publicado em: 2015
Assuntos:
Acesso em linha:http://is.stuba.sk/zp/portal_zp.pl?podrobnosti=103198
Tags: Adicionar Tag
Sem tags, seja o primeiro a adicionar uma tag!

MARC

LEADER 00000ntm a22000003a 4500
001 stuzp52535
003 SK-STU
005 20160719154213.7
007 ta
008 150427s2015----xo-----f-mn---000-0-slo-d
040 |a STU  |b slo 
041 0 |a slo 
100 1 |a Pavelka, Vladimír  |u 031000  |4 aut  |U FEI Fakulta elektrotechniky a informatiky  |T FEI Ústav robotiky a kybernetiky  |X 56076  |U E011  |Y 356  |7 A000056076 
242 0 1 |a Navigation of a mobile robot in a map created with RGBD camera  |y eng 
245 1 0 |a Navigácia mobilného robota v mape vytvorenej pomocou RGBD kamery 
260 |c 2015 
300 |a 67 s., príl.  |b DVD 
650 4 |a PLY  |2 slo 
650 4 |a Octree  |2 slo 
650 4 |a A*  |2 slo 
650 4 |a Octree  |2 eng 
650 4 |a A*  |2 eng 
650 4 |a PLY  |2 eng 
700 1 |a Duchoň, František  |4 ths  |X 10329  |7 A000010329 
856 4 |u http://is.stuba.sk/zp/portal_zp.pl?podrobnosti=103198 
996 |b 284EP11083  |c E*DIPL- 11083  |l EE31  |s P  |a 0  |w stuzp52535_0001 
SQL |a stuzp52535  |b DDP  |c SLO  |d Navigácia mobilného robota v mape vytvorenej pomocou RGBD kamery  |e 56076  |f Pavelka, Vladimír  |g 031000  |h 10329  |i Duchoň, František  |j 20150616  |k 84  |l 03  |m http://is.stuba.sk/zp/portal_zp.pl?podrobnosti=103198  |n I-ROB  |o 5.2.14. automatizácia